| 000 | 00767nam a2200289 a 4500 | ||
|---|---|---|---|
| 003 | AR-BaBNM | ||
| 005 | 20251128203428.0 | ||
| 008 | 082120s2002 ||||||||||||||000 | spa|| | ||
| 020 | _a950-537-064-4 | ||
| 040 | _cAR-BaBNM | ||
| 100 | 1 | _aCresto, Juan José | |
| 245 | 0 | 0 | _aLa problemática política y económica en la década de 1930 |
| 260 |
_aBuenos Aires _bMacchi _c1984 |
||
| 300 | _axviii, 136 p. | ||
| 490 | 0 | _aTemas de historia económica | |
| 504 | _aBibliografía para consultar p. 133-136 | ||
| 650 | 4 | _aECONOMIA | |
| 650 | 4 | _aHISTORIA ECONOMICA | |
| 650 | 4 | _aGUERRA CIVIL | |
| 650 | 4 | _aREVOLUCION | |
| 650 | 4 | _aIGLESIA | |
| 651 | 4 | _aJapón | |
| 651 | 4 | _aEstados Unidos | |
| 653 | _aREVOLUCION RUSA | ||
| 942 | _cBK | ||
| 998 | _cmariana | ||
| 999 |
_c3347 _d3347 |
||